| 000 | 00801nam a2200253 i 4500 | ||
|---|---|---|---|
| 001 | 9968 | ||
| 003 | ES-MaACL | ||
| 005 | 20230906145808.0 | ||
| 007 | t| | ||
| 008 | 940620s1979 sp ||||1| spa d | ||
| 080 | _a355:929.6(460) | ||
| 080 | _a929.6(460):355 | ||
| 245 | 0 | 0 | _aHeráldica e historiales del Ejército. |
| 260 |
_aMadrid : _bServicio Histórico Militar, _c1979- |
||
| 300 |
_a6 v., lám. ; _c28 cm. |
||
| 500 | _aBibliografía. | ||
| 505 | 8 | _aContiene: T. IV-V-VI-VII-VIII-IX | |
| 650 | 1 | 4 |
_aFuerzas armadas- _xHeráldica. _913005 |
| 650 | 1 | 4 |
_aEjército de tierra- _xHeráldica. _912136 |
| 650 | 1 | 4 |
_aHeráldica- _zEspaña. _913317 |
| 651 | 4 |
_aEspaña- _xHistoria militar. _9144916 |
|
| 710 | 1 |
_aEspaña. _bServicio Histórico Militar. _93980 |
|
| 852 |
_aES-MaACL _jP-358 _bR.113180 |
||
| 999 |
_c9968 _d9968 |
||